| 000 | 00761nam a2200241 a 4500 | ||
|---|---|---|---|
| 001 | BRCA_4822 | ||
| 005 | 20190320204824.0 | ||
| 008 | 131010s1967----mx-a######---#000-0#spa-# | ||
| 041 | _aspa | ||
| 044 | _amx | ||
| 050 | 4 |
_aND255 _b.S25 1967 |
|
| 245 | 1 | 0 | _aEl salón mexicano en Nueva York. |
| 260 |
_aMéxico _bComité Coordinador de Actividades Internacionales de la Iniciativa Privada en México _c1967 |
||
| 300 |
_a1 v. (sin paginación) _bil. _c31 cm. |
||
| 500 | _aEstado físico: Sobrecubierta deteriorada | ||
| 500 | _aCFG75 | ||
| 650 | 1 | 4 |
_aIntercambios comerciales _zAmérica _912224 |
| 651 | 4 |
_aAmérica _xArte _912225 |
|
| 651 | 4 |
_aAmérica _xCultura _912226 |
|
| 710 | 2 |
_aSalón Mexicano (Nueva York) _912227 |
|
| 902 | _aGFM | ||
| 942 |
_2lcc _cB |
||
| 999 |
_c4518 _d4518 |
||